| 000 | 00855nam a22002297a 4500 | ||
|---|---|---|---|
| 999 |
_c7727 _d7727 |
||
| 003 | AR-CdUCM | ||
| 008 | 190321b ||||| |||| 00| 0 spa d | ||
| 040 |
_aMUNICIPALIDAD PROVINCIAL DEL CUSCO _cBIBLIOTECA MUNICIPAL DEL CUSCO |
||
| 082 |
_a584.4 / _bM13 |
||
| 100 |
_aMachaca Blanco, Eufemia _921823 |
||
| 245 | _aConservación de orquideas en la estación biologica de Wiñaywayna santuario historico de Machupicchu / | ||
| 260 |
_aCusco : _bUniversidad Nacional de San Antonio Abad del Cusco, _c2008. |
||
| 300 |
_a63 paginas ; _bilustraciones, graficos, dibujos, _c20 cm. |
||
| 500 | _aContenido en ingles y español | ||
| 505 | _aContenido: orquideas -- clase -- origenes | ||
| 650 |
_aOriquideas _921824 |
||
| 650 |
_aConservacion _96143 |
||
| 650 |
_aRestauracion _96144 |
||
| 650 |
_aDiversidad _915934 |
||
| 942 |
_2ddc _cLIBROS |
||
| 945 | _apjha | ||